000 00719nam a2200229Ii 4500
003 JO-AjNU
008 230605s9999||||xx |||||||||||||| ||und||
017 _a2010/5/1590
020 _a978-9957-479-43-5
040 _aJO-AjNU
_bara
_erda
_cJO-AjNU
041 _aara
050 1 4 _aHD57.7.K43 2010
100 3 _aالخالدي: إبراهيم بدر شهاب,
_eauthor
_958493
245 0 0 _aالقيادة الإدارية
250 _aط1
264 3 1 _aعمان: دار الأعلام للنشر، 2010
300 _a115ص
336 _atext
_btxt
_2rdacontent
337 _aunmediated
_bn
_2rdamedia
338 _avolume
_bnc
_2rdacarrier
650 4 _aالقدرة التنفيذية - الإدارة
_958494
999 _aA26270
_c29838
_d29838